Bank Liquidity Creation and Risk-Taking: Does Managerial Ability Matter? (pages 226–259) (Record no. 309351)
[ view plain ]
| 000 -LEADER | |
|---|---|
| fixed length control field | 00449nam a2200121Ia 4500 |
| 008 - FIXED-LENGTH DATA ELEMENTS--GENERAL INFORMATION | |
| fixed length control field | 170221s9999 xx 000 0 und d |
| 100 ## - MAIN ENTRY--PERSONAL NAME | |
| Personal name | Andreou, Panayiotis C. |
| 245 ## - TITLE STATEMENT | |
| Title | Bank Liquidity Creation and Risk-Taking: Does Managerial Ability Matter? (pages 226–259) |
| 245 ## - TITLE STATEMENT | |
| Statement of responsibility, etc | Panayiotis C. Andreou, Dennis Philip and Peter Robejsek |
| 260 ## - PUBLICATION, DISTRIBUTION, ETC. (IMPRINT) | |
| Date of publication, distribution, etc | 2015 |
| 650 ## - SUBJECT ADDED ENTRY--TOPICAL TERM | |
| General subdivision | Business |
| 856 ## - ELECTRONIC LOCATION AND ACCESS | |
| Uniform Resource Identifier | <a href="http://onlinelibrary.wiley.com/doi/10.1111/jbfa.12169/epdf">http://onlinelibrary.wiley.com/doi/10.1111/jbfa.12169/epdf</a> |
| Withdrawn status | Lost status | Damaged status | Home library | Current library | Date acquired | Total Checkouts | Date last seen | Price effective from | Koha item type |
|---|---|---|---|---|---|---|---|---|---|
| College Library | College Library | 02/21/2017 | 02/21/2017 | 02/21/2017 | Foreign e-journal articles |